|
|
|
|
| LEADER |
02034cas a2200289 a 4500 |
| 001 |
AALejournalIMF008357 |
| 008 |
230101c9999 xx r poo 0 0eng d |
| 020 |
|
|
|c 5.00 USD
|
| 020 |
|
|
|z 9781451842531
|
| 022 |
|
|
|a 1018-5941
|
| 040 |
|
|
|a BD-DhAAL
|c BD-DhAAL
|
| 100 |
1 |
|
|a Mourmouras, Alex.
|
| 245 |
1 |
0 |
|a What Determines the Implementation of IMF-Supported Programs? /
|c Alex Mourmouras, Anna Ivanova, George Anayotos, Wolfgang Mayer.
|
| 264 |
|
1 |
|a Washington, D.C. :
|b International Monetary Fund,
|c 2003.
|
| 300 |
|
|
|a 1 online resource (47 pages)
|
| 490 |
1 |
|
|a IMF Working Papers
|
| 500 |
|
|
|a <strong>Off-Campus Access:</strong> No User ID or Password Required
|
| 500 |
|
|
|a <strong>On-Campus Access:</strong> No User ID or Password Required
|
| 506 |
|
|
|a Electronic access restricted to authorized BRAC University faculty, staff and students
|
| 520 |
3 |
|
|a This paper assesses the implementation of IMF-supported programs using measures of program interruptions, compliance with conditionality, and the share of committed funds disbursed. The econometric model allows an evaluation of the importance for program implementation of political conditions in borrowing countries, IMF effort, conditionality, as well as initial and external conditions. The paper concludes that program implementation depends primarily on borrowing countries' domestic political economy. Strong special interests, political instability, inefficient bureaucracies, lack of political cohesion, and ethno-linguistic divisions weaken program implementation. IMF effort, the extent and structure of conditionality, and initial and external conditions do not materially influence program prospects.
|
| 538 |
|
|
|a Mode of access: Internet
|
| 651 |
|
7 |
|a United States
|2 imf
|
| 700 |
1 |
|
|a Anayotos, George.
|
| 700 |
1 |
|
|a Ivanova, Anna.
|
| 700 |
1 |
|
|a Mayer, Wolfgang.
|
| 830 |
|
0 |
|a IMF Working Papers; Working Paper ;
|v No. 2003/008
|
| 856 |
4 |
0 |
|z Full text available on IMF
|u http://elibrary.imf.org/view/journals/001/2003/008/001.2003.issue-008-en.xml
|z IMF e-Library
|